1504 1454 1696 1981 1966 1496 1388 1432 1480 1133 1846 1542 1650 1627 1543 1248 1601 1918 1179 1231 1976 1081 1912 1234 1764 1623 1019 1222 1376 1769 1224 1966 1719 1122 1782 1042 1081 1120 1638 1385 1722 1010 1172 1409 1081 1467 1195 1131 1315 1812 1608 1853 1980 1682 1327 1018 1073 1789 1262 1794 1375 1650 1693 1484 1035 1103 1151 1332 1929 1747 1079 1304 1795 1399 1290 1400 1453 1235 1832 1152 1015 1510 1212 1297 1856 1397 1810 1088 1793 1660 1679 1749 1109 1277 1704 1809 1686 1886 1161 BCNSPRNW ULIB Ver.6.0+V

เปลี่ยนเป็นภาษาไทย

Change to English
 แสดงรายละเอียดบรรณานุกรม
  กลับหน้าหลัก

Brief Record : Get Marc (ISO 2709) : E-mail record : QR code < ปิดหน้าต่าง
LEADER : 00000nam 2200000uu 4500
001    13399122512
003     ULIB
008    130712s2550||||th 000 0 tha d
020    ^a9743414894
020    ^a9789743414893
050 04 ^aBF637^bว527ก
100 0  ^aพลตรี หลวงวิจิตรวาทการ
245 10 ^aกำลังความคิด /^cโดย พลตรี หลวงวิจิตรวาทการ
250    ^aพิมพ์ครั้งที่ 4
260    ^aกรุงเทพฯ :^bสร้างสรรค์บุ๊คส์,^c2550.
300    ^a290 หน้า :^bภาพประกอบ
650  7 ^aความคิด
650  7 ^aการคิด
710 1  ^aสร้างสรรค์บุ๊คส์
945    ^p230^l0^i16572
999    ^aเกษร โพธิ์สุวรรณ
รายการนี้ยังไม่มีแท็ก
คุณยังไม่ได้ล็อกอิน คุณสามารถมีกิจกรรมร่วมกับเว็บไซต์ได้ แต่ต้องล็อกอินก่อน ::
  ล็อกอิน

รายการสื่อสารสนเทศ

ลำดับที่ ประเภท เลขเรียก/บาร์โค้ด สถานที่ สถานะ
1. การศึกษาทั่วไป
การศึกษาทั่วไป
BF637 ว527ก  
  Barcode: 16572
ห้องสมุดวิทยาเขตสวรรค์ประชารักษ์
►หนังสือทั่วไป
บนชั้น

รายการใกล้เคียง
    ผู้แต่ง [พลตรี หลวงวิจิตรวาทการ]

    หัวเรื่อง [ความคิด]
    หัวเรื่อง [การคิด]

BibComment


ยังไม่เคยถูกคอมเมนท์

คอมเมนท์ทรัพยากรรายการนี้
  คอมเมนท์: กำลังความคิด โด..


 Copyright 2026. Bcnsprnw @Library